MDQL
is popping MORE tags! Check the
thread
!
Quizzes
Events
Quiz Creation
Community
Videos
Private Events
Remove Ads
Sign In
Join for FREE
Feedback
Dark Mode
Quiz Categories
Sports
Geography
Music
Movies
Television
Just For Fun
Miscellaneous
History
Literature
Language
Science
Gaming
Entertainment
Religion
Holiday
For Kids
Quiz Lab
Recent
Popular Today
Quiz Kudos Today
Editor Picks
Curator Picks
Quizzes by...
Day
Popularity
Type
Ratings
Length
Year
Community
Subscriptions
Recent Discussions
Orange Saloon
Badges
Playlists
Quests
Create
Leaderboards
Showdown
Live 5
Trivia Bingo
Activity
Puzzle Library
Sporcle Events
Private Events
Virtual Trivia
Globe League
Become a Host
Pub Owners
SporcleCon
Opinionation
Our Games
Videos
Blog
Mobile Apps
Partnerships
Remove Ads and Go Orange
Feedback
Sports
Athletes
MLB
NBA
NHL
NFL
Soccer
Sports Teams
WWE
NCAA
Football
Premier League
Basketball
Baseball
Hockey
Golf
Tennis
Cricket
Rugby
Auto Racing
Olympics
World Cup
Sports
Athletes
MLB
NBA
NHL
NFL
Soccer
Sports Teams
WWE
NCAA
Football
Premier League
Basketball
Baseball
Hockey
Golf
Tennis
Cricket
Rugby
Auto Racing
Olympics
World Cup
Random Quiz
Search Sporcle
×
Quiz Lab
Quiz Lab
Sports
Active
Type in answers that appear in a list
Type in answers that appear in a list
Classic
Best Score? Go Orange.
L.A. Area Coaches Stats
Can you name the Coaches of these Los Angeles teams (since 1960)?
By
herrod54
6m
66 Questions
101 Plays
101 Plays
101 Plays
Comments
Comments
Give Quiz Kudos
Give Quiz Kudos
-
- Ratings
hide this ad
Replay
Link that replays current quiz
Next Quiz
Link to next quiz in quiz playlist
You Got
0%
They Got
Avg Score
40%
Avg Friend Score
Upgrade to see
Score Distribution
Jump to the score distribution portion of the page
Score
0/66
Timer
06:00
0
Plays Today
Team
Coach/Manager
% Correct
Lakers
Phil Jackson
98%
Lakers
Phil Jackson
98%
Dodgers
Tommy Lasorda
92%
Dodgers
Joe Torre
92%
USC Football
Pete Carroll
85%
Lakers
Pat Riley
81%
UCLA Basketball
John Wooden
81%
Dodgers
Davey Johnson
75%
Lakers
Magic Johnson
75%
Clippers
Dennis Johnson
75%
Lakers
Mike Dunleavy
72%
Clippers
Mike Dunleavy
72%
Lakers
Jerry West
64%
Dodgers
Walter Alston
63%
USC Football
John Robinson
62%
Dodgers
Jim Tracy
61%
Rams
John Robinson
61%
USC Football
John Robinson
61%
Raiders
Art Shell
59%
Clippers
Larry Brown
58%
UCLA Basketball
Larry Brown
58%
Dodgers
Grady Little
54%
Lakers
Rudy Tomjanovich
53%
Raiders
Tom Flores
52%
Dodgers
Bill Russell
51%
Lakers
Kurt Rambis
50%
Lakers
Del Harris
49%
USC Football
Jim McKay
47%
Lakers
Paul Westhead
46%
UCLA Basketball
Ben Howland
46%
UCLA Basketball
Steve Lavin
45%
UCLA Basketball
Jim Harrick
42%
USC Football
Larry Smith
40%
Team
Coach/Manager
% Correct
Raiders
Mike Shanahan
36%
Lakers
Bill Sharman
36%
Rams
Chuck Knox
33%
Rams
Chuck Knox
32%
Lakers
Randy Pfund
32%
USC Football
Paul Hackett
30%
Dodgers
Glenn Hoffman
29%
Clippers
Bill Fitch
27%
UCLA Basketball
Walt Hazzard
25%
Rams
Ray Malavasi
24%
UCLA Basketball
Gene Bartow
24%
Rams
George Allen
22%
Clippers
Alvin Gentry
22%
USC Football
Ted Tollner
21%
UCLA Basketball
Gary Cunningham
20%
Clippers
Gene Shue
17%
UCLA Basketball
Larry Farmer
17%
Chargers
Sid Gillman
12%
Lakers
Jack McKinney
11%
Clippers
Bob Weiss
8%
Lakers
Bill Bertka
7%
Rams
Tommy Prothro
6%
Lakers
Fred Schaus
6%
Clippers
Mike Schuler
5%
Lakers
Joe Mullaney
4%
Clippers
Chris Ford
4%
Rams
Bob Waterfield
3%
Rams
Harland Svare
3%
Lakers
Butch Van Breda Kolff
2%
Clippers
Don Casey
2%
Clippers
Jim Lynam
1%
Clippers
Don Chaney
1%
Clippers
Jim Todd
-1%
Quiz Playlist
Details
Report
Send in Message
Add To Playlist
Classic:
Type in answers that appear in a list
Last Updated: Feb 16, 2017
Quiz Scoreboard
CHALLENGE
Sign Up to Join the Scoreboard
Show All
Scores
Hide
Comments
May contain spoilers
Recently Published
Two Season TV Shows II
by 123Four
Television
10m
Image Sorting: Flags VI
by Barbecue
Geography
2m
Find the 'City' Movie
by crazypaving
Movies
60s
More to Explore
Quiz From the Vault
Featured Blog Post
14 Easter Pick-up Lines to Find Eggs With
hide this ad
You Might Also Like...
Tags
1960
Active
angel
area
coach
Los Angeles
Manager
team
Today's Top Quizzes in Sports
Browse Sports
hide this ad
Today's Top Quizzes in Active
Browse Active
Top Contributed Quizzes in Sports
1
Les meilleurs buteurs des matchs entre le PSG et l’OM
2
Les entraîneurs de l'OM et du PSG au 21e siècle
3
2022 World Cup Stars
4
Les joueurs passés par le PSG et l'OM
5
Players with Multiple 50 Home Run Seasons
6
Criteria MLB: Left Handed Sluggers
7
FIFA Club World Cup Champions
8
Les joueurs passés par le LOSC et le RC Lens
9
NBA Logic Puzzle 2.0
10
Top 10 NHL Goal Scorers of All Time
Explore More
Trending Topics
Disney
Kpop
Anime
NBA
Marvel
Crossword
Harry Potter
WWE
Puzzle
Soccer
Pokémon
Country
The Office
Song
NFL
hide this ad
More By:
herrod54
Quiz
Plays
Rating
Category
Featured
Created
NFC West Rushers
3,512
4.06
Sports
Feb 27, 2011
30+ HR Boston Red Sox
3,253
3.79
Sports
Jun 12, 2010
Cy Young votes, 2000-2009
3,092
3.77
Sports
Aug 7, 2010
NFC East Quarterbacks
2,989
4.55
Sports
Jul 2, 2010
2000's New York Yankees
2,737
3.64
Sports
Dec 7, 2009
Go to Creator's Profile
Score Distribution
Quiz Creator Spotlight
herrod54
Follow
Send a Message
Quizzes Created
-
Created Quiz Play Count
-
More By This Creator
Popular Quizzes Today
1
Find the US States - No Outlines Minefield
2
Colored Red Africa Blitz
3
Find the 'City' Movie
4
5x2 Blitz: Bands
5
The Countries of the World
6
Find the Countries of Europe - No Outlines Minefield
7
Find the US States
8
US States
More Sports Quizzes
1987 NBA Draft - 1st Round
Quiz Lab
Trending Quizzes
Colored Red Europe Blitz I
Colored Red Africa Blitz II
Colored Red Europe Blitz II
Colored Red Africa Blitz III
Colored Red Europe Blitz III
Recently Updated
How Do You Spell That?
pecheneg
Godzilla Movies
pecheneg
Grab Bag: 4-10 Letters
pecheneg
2024 March Madness Bracket
pecheneg
Famous TV Couples
Peacemaker
Champions League XIs: Real Madrid
pecheneg
Largest US Cities 1790-2010
pecheneg
Rides in Walt Disney World
pecheneg
Most Oscar Losses (Acting)
pecheneg
Beyoncé Albums
pecheneg
Trending Topics
Crossword
Harry Potter
Marvel
Disney
NBA
Anime
Kpop
Song
Puzzle
NFL
Pokémon
WWE
Country
Soccer
The Office
Your Account Isn't Verified!
In order to create a playlist on Sporcle, you need to verify the email address you used during registration. Go to your
Sporcle Settings
to finish the process.
Report this User
Report this user for behavior that violates our
Community Guidelines
.
Details:
Send Report
Go to the Sporcle.com Mobile Site →
Comments